| 000 | 00000nam##2200000za#4500 |
| 001 | 9.643602 |
| 003 | CaOODSP |
| 005 | 20210624224238 |
| 007 | cr ||||||||||| |
| 008 | 150407|2007||||xxc|||||o f|0| 0 fre|d |
| 040 | |aCaOODSP|bfre |
| 043 | |an-cn--- |
| 086 | 1 |aH128-1/07-487F-PDF |
| 110 | 1 |aCanada. |bSanté Canada. |
| 245 | 10|aManuel de référence pour le Règlement sur les produits chimiques et contenants de consommation (2001) de la Loi sur les produits dangereux |h[ressource électronique] |
| 260 | |aOttawa - Ontario : |bSanté Canada |cc2007. |
| 300 | |a13p., 78p., 110p., 23p.|bfigures (certaines en couleur), références, tableaux, index |
| 500 | |aLe n° de catalogue (H128-1/06-474) et l'ISBN (0-662-49271-4) de l'édition imprimée bilingue ont été incorrectement copiés dans l'édition électronique. |
| 590 | |a14-14-Supp|b2014-07-24 |
| 691 | 07|aManuel|2gcpds |
| 691 | 07|aProduit dangereux|2gcpds |
| 691 | 07|aRéglementation|2gcpds |
| 775 | 08|tReference manual for the Consumer Chemicals and Containers Regulations, 2001 of the Hazardous Products Act |w(CaOODSP)9.699625 |
| 856 | 40|ahttp://publications.gc.ca|qPDF|s825 Ko|uhttps://publications.gc.ca/collections/collection_2014/sc-hc/H128-1-07-487-4-fra.pdf |
| 856 | 40|ahttp://publications.gc.ca|qPDF|s1.03 Mo|uhttps://publications.gc.ca/collections/collection_2014/sc-hc/H128-1-07-487-2-fra.pdf |
| 856 | 40|ahttp://publications.gc.ca|qPDF|s245 Ko|uhttps://publications.gc.ca/collections/collection_2014/sc-hc/H128-1-07-487-1-fra.pdf |
| 856 | 40|ahttp://publications.gc.ca|qPDF|s939 Ko|uhttps://publications.gc.ca/collections/collection_2014/sc-hc/H128-1-07-487-3-fra.pdf |
| 986 | |aSC Pub. : 4087 |